|
|
|
|
| LEADER |
01019nam a22002657a 4500 |
| 001 |
3288 |
| 003 |
BD-DhAAL |
| 005 |
20130912150120.0 |
| 008 |
130912s1987 sz a b i000 0 eng |
| 020 |
|
|
|a 9221060446
|
| 082 |
|
|
|2 20
|a 301.24
|
| 100 |
1 |
0 |
|a Tilakaratna, S.
|9 3027
|
| 245 |
1 |
4 |
|a The animator in participatory rural development :
|b (concept and practice) /
|c S. Tilakaratna.
|
| 260 |
|
|
|a Geneva :
|b International Labour Office,
|c c1987.
|
| 300 |
|
|
|a xii, 85 p. :
|b ill.,
|c 30 cm.
|
| 490 |
|
0 |
|a World Employment Programme technical co-operation report.
|
| 504 |
|
|
|6 Includes bibliographical references (p. 84-85).
|
| 541 |
|
|
|e 3288
|
| 650 |
|
0 |
|a Institution building
|9 3028
|
| 650 |
|
0 |
|a Agricultural education.
|9 3029
|
| 650 |
|
0 |
|a Extension.
|9 3030
|
| 710 |
2 |
|
|a World Employment Programme
|9 3031
|
| 942 |
|
|
|2 ddc
|c BK
|
| 999 |
|
|
|c 13956
|d 13956
|
| 952 |
|
|
|0 0
|1 0
|2 ddc
|4 0
|6 301_240000000000000_TIL
|7 0
|9 23382
|a BRACUL
|b BRACUL
|c GEN
|d 2013-09-12
|g 0.00
|l 0
|o 301.24 TIL
|p 3010003288
|r 2013-09-12
|t 1
|w 2013-09-12
|y BK
|z Not price in Register
|